00422nam a2200181Ia 4500003000400000005001700004008004100021020001400062040000700076041000800083082001600091100002000107245002400127260004200151300001600193365001400209650001700223OSt20230620105738.0210423s2002 xx 000 0 und d a199638535 cAL aeng a574.87 DAVJ aDAVIS (J M),Ed. aBasic cell culture. aOxfordbOxford University Pressc2002 axxv,381bPB b2860cINR aCell Biology